000 00488nam a22001697a 4500
003 BD-ChCU
005 20260408091420.0
008 260408b bg ||||| |||| 00| 0 ben d
040 _cBD-ChCU
082 _a574 THO
100 _aThompson , D'arcy Wentworth
_921329
245 _aOn growth and form , abridged ed./
_cD'arcy Wentworth , Thompson ,
260 _aBonner :
_bCambridge , Univ. press ,
_cC 1966
300 _axiv, 345p.
650 0 _aBiology .
_921333
942 _2ddc
_cBK
_n0
999 _c112128
_d112128